Una década de ajuste estructural en Nicaragua /
En el texto se analizan las políticas macroeconómicas de estabilización y ajuste estructural llevadas a cabo en Nicaragua, explicando el porqué de los pobres resultados obtenidos. En el análisis se distinguen cuatro fases: 1988-1989 de reformas del gobierno Sandinista, 1990-1993 en que el gobierno d...
Gorde:
| Egile nagusia: | |
|---|---|
| Formatua: | Texto |
| Gaiak: | |
| Etiketak: |
Etiketa erantsi
Etiketarik gabe, Izan zaitez lehena erregistro honi etiketa jartzen!
|
MARC
| LEADER | 00000 a a2200000 04500 | ||
|---|---|---|---|
| 001 | 6935 | ||
| 003 | |||
| 040 | |||
| 100 | |a Catalán Aravena, Oscar | ||
| 245 | |a Una década de ajuste estructural en Nicaragua / |c Oscar Catalán Aravena | ||
| 520 | |a En el texto se analizan las políticas macroeconómicas de estabilización y ajuste estructural llevadas a cabo en Nicaragua, explicando el porqué de los pobres resultados obtenidos. En el análisis se distinguen cuatro fases: 1988-1989 de reformas del gobierno Sandinista, 1990-1993 en que el gobierno de Barrios de Chamorro controla la hiperinflación e implementan el primer acuerdo "stand by" con el FMI y se inicia la recuperación económica, y 1997 en que bajo la presidencia de Alemán, se implementa el segundo acuerdo ESAF con el FMI | ||
| 590 | |a RRH/062010 | ||
| 650 | |a CONDICIONES ECONOMICAS | ||
| 650 | |a POLITICA ECONOMICA | ||
| 650 | |a AYUDA INTERNACIONAL | ||
| 650 | |a COSTOS SOCIALES | ||
| 650 | |a NICARAGUA | ||
| 773 | |g volumen 33, número 59; páginas 42-58 | ||
| 999 | |c 22808 |d 22808 | ||
